| 000 | 00919nac a22002411u 4500 | ||
|---|---|---|---|
| 010 | _a 00107251 | ||
| 020 | _a0030258413 | ||
| 082 | 0 | 0 |
_a658.3150973 _bHOL |
| 090 |
_c7612 _d7612 |
||
| 100 | _aHolley, William H. | ||
| 245 | 1 | 4 |
_aThe labor relations process / _cWilliam H. Holley, Jr., Kenneth M. Jennings, Roger S. Wolters. |
| 250 | _a7th ed. | ||
| 260 |
_aFort Worth : _bHarcourt College Publishers,c2001. _cc2001. |
||
| 300 |
_axvii, 638 p. : _bill. (some col.) ; _c27 cm. |
||
| 500 | _aDistributer: Al-Ahram. | ||
| 504 | _aIncludes bibliographical references and indexes. | ||
| 511 | _aCatalogued By: Mahitab. | ||
| 650 | 0 |
_aIndustrial relations _zUnited States. |
|
| 700 | 1 | _aJennings, Kenneth M. | |
| 700 | 1 | _aWolters, Roger S. | |
| 942 |
_cBB _k658.3150973HOL |
||
| 999 |
_c7612 _d7612 |
||